LEADER 01451oam 2200409 450 001 9910705145703321 005 20140402094111.0 035 $a(CKB)5470000002447900 035 $a(OCoLC)857368368 035 $a(EXLCZ)995470000002447900 100 $a20130901d1934 ua 0 101 0 $aeng 135 $aurbn||||||||| 181 $ctxt$2rdacontent 182 $cc$2rdamedia 183 $acr$2rdacarrier 200 10$aCode of fair competition for the quicksilver industry as approved on March 21, 1934 210 1$aWashington :$cUnited States Government Printing Office,$d1934. 215 $apages 303-317 ;$d24 cm 215 $a1 online resource (pages 303-317) 300 $aTitle from title screen (viewed on Mar. 4, 2014). 300 $aAt head of title: National Recovery Administration. 300 $aPublication pre-dates item numbers. No item number has been assigned. 300 $a"Registry No. 1218-8-04." 300 $a"Approved Code No. 351." 517 3 $aQuicksilver industry 606 $aMercury industry and trade$xLaw and legislation$zUnited States 606 $aLiquid metals 615 0$aMercury industry and trade$xLaw and legislation 615 0$aLiquid metals. 801 0$bOCLCE 801 1$bOCLCE 801 2$bGPO 906 $aBOOK 912 $a9910705145703321 996 $aCode of fair competition for the quicksilver industry as approved on March 21, 1934$93278802 997 $aUNINA LEADER 01664nam 2200373 450 001 9910704483903321 005 20130307142853.0 035 $a(CKB)5470000002440853 035 $a(OCoLC)828626781 035 $a(EXLCZ)995470000002440853 100 $a20130227d1935 ua 0 101 0 $aeng 135 $aurbn||||||||| 181 $2rdacontent 182 $2rdamedia 183 $2rdacarrier 200 10$aAmendment to supplementary code of fair competition for the job galvanizing metal coating industry (a division of the fabricated metal products manufacturing and metal finishing and metal coating industry) as approved on February 25, 1935 /$fNational Recovery Administration 210 1$aWashington, D.C. :$cUnited States Government Printing Office,$d1935. 215 $a1 online resource (3 pages) 300 $aTitle from title screen (viewed on Feb. 27, 2013). 300 $a"Registry No. 1135-21." 300 $a"Approved Code No. 84-B1--Amendment No. 1." 300 $aPublication pre-dates item numbers. No item number has been assigned 517 $aAmendment to supplementary code of fair competition for the job galvanizing metal coating industry 606 $aMetal coating 606 $aGalvanizing 615 0$aMetal coating. 615 0$aGalvanizing. 801 0$bGPO 801 1$bGPO 906 $aBOOK 912 $a9910704483903321 996 $aAmendment to supplementary code of fair competition for the job galvanizing metal coating industry (a division of the fabricated metal products manufacturing and metal finishing and metal coating industry) as approved on February 25, 1935$93321368 997 $aUNINA